Statistics for Top 10 Largest Southeast Asia Subdivision

Click here to take the quiz!

General Stats

  • This quiz has been taken 4 times
  • The average score is 6 of 10

Answer Stats

No. Country Area (kmĀ²) Subdivison % Correct
2.Myanmar155,801.3Shan State
100%
3.Indonesia153,564Central Borneo
100%
9.Indonesia91,592South Sumatra
100%
1.Indonesia319,036Papua
50%
4.Indonesia147,307West Borneo
50%
5.Indonesia139,462East Borneo
50%
6.Malaysia124,450Sarawak
50%
7.Indonesia97,024West Papua
50%
8.Myanmar93,704.8Sagaing Region
0%
10.Myanmar89,041.8Kachin State
0%

Score Distribution

Percentile by Number Answered

Percent of People with Each Score

Your Score History

You have not taken this quiz